Imported and domestic textiles in 18th-century America (Record no. 10222)

MARC details
000 -CABECERA
campo de control de longitud fija 01037nam a2200265 a 4500
001 - NÚMERO DE CONTROL
campo de control BRL_1412
005 - FECHA Y HORA DE LA ÚLTIMA TRANSACCIÓN
campo de control 20190320211206.0
008 - DATOS DE LONGITUD FIJA--INFORMACIÓN GENERAL
campo de control de longitud fija 130114s1976----u--ad####b---#100-0#eng-#
041 ## - CÓDIGO DE LENGUA
Código de lengua del texto/banda sonora o título independiente eng
044 ## - CÓDIGO DEL PAÍS DE LA ENTIDAD EDITORA/PRODUCTORA
Código MARC del país u
050 #4 - SIGNATURA TOPOGRÁFICA DE LA BIBLIOTECA DEL CONGRESO
Número de clasificación TS1306.A1
Número de documento/Ítem .I74 1976
111 2# - ENTRADA PRINCIPAL--NOMBRE DE CONGRESO/REUNIÓN
Nombre de congreso/reunión o jurisdicción como elemento de entrada Irene Emery Roundtable on Museum Textiles
Sede del congreso/Lugar de la reunión Washington, D.C.
Unidad subordinada 1975
9 (RLIN) 26816
245 10 - MENCIÓN DE TÍTULO
Título Imported and domestic textiles in 18th-century America
Resto del título 1975 proceedings
Mención de responsabilidad, etc. Irene Emery Roundtable on Museum Textiles ; edited by Patricia L. Fiske.
260 ## - PUBLICACIÓN, DISTRIBUCIÓN, ETC.
Lugar de publicación, distribución, etc. Washington, D.C.
Nombre del editor, distribuidor, etc. The Textile Museum
Fecha de publicación, distribución, etc. 1975
300 ## - DESCRIPCIÓN FÍSICA
Extensión ii, 195 p.
Otras características físicas il., gráficas
Dimensiones 28 cm.
500 ## - NOTA GENERAL
Nota general Au1670
650 14 - PUNTO DE ACCESO ADICIONAL DE MATERIA--TÉRMINO DE MATERIA
Término de materia o nombre geográfico como elemento de entrada Telas
Subdivisión de forma Congresos
Subdivisión general Coleccionistas y colecciones
Subdivisión cronológica Siglo XVIII
Subdivisión geográfica América
9 (RLIN) 26817
650 14 - PUNTO DE ACCESO ADICIONAL DE MATERIA--TÉRMINO DE MATERIA
Término de materia o nombre geográfico como elemento de entrada Telas
Subdivisión de forma Congresos
Subdivisión general Comercio exterior
Subdivisión cronológica Siglo XVIII
Subdivisión geográfica América
9 (RLIN) 26818
650 14 - PUNTO DE ACCESO ADICIONAL DE MATERIA--TÉRMINO DE MATERIA
Término de materia o nombre geográfico como elemento de entrada Textiles
Subdivisión de forma Congresos
Subdivisión cronológica Siglo XVIII
Subdivisión geográfica América
9 (RLIN) 26819
700 1# - PUNTO DE ACCESO ADICIONAL--NOMBRE DE PERSONA
Nombre de persona Emery, Irene
9 (RLIN) 26645
700 1# - PUNTO DE ACCESO ADICIONAL--NOMBRE DE PERSONA
Nombre de persona Fiske, Patricia L.
9 (RLIN) 26820
710 2# - PUNTO DE ACCESO ADICIONAL--NOMBRE DE ENTIDAD CORPORATIVA
Nombre de entidad corporativa o nombre de jurisdicción como elemento de entrada Textile Museum (Washington, D.C.)
9 (RLIN) 26437
902 ## - CATALOGADOR
Iniciales GRL
942 ## - ELEMENTOS DE PUNTO DE ACCESO ADICIONAL (KOHA)
Fuente del sistema de clasificación o colocación Library of Congress Classification
Tipo de ítem Koha Libros
Holdings
Estado de retiro Estado de pérdida Estado dañado No para préstamo Localización permanente Ubicación/localización actual Fecha de adquisición Número de inventario Total de préstamos Signatura topográfica completa Código de barras Fecha visto por última vez Precio válido a partir de Tipo de ítem Koha
El ejemplar forma parte de la colección y puede ser consultado según las políticas vigentes.       Biblioteca Centro de Estudios Ruth D. Lechuga Biblioteca Centro de Estudios Ruth D. Lechuga 13/01/2014 Au1670   TS1306.A1 .I74 1976 (Au1670) GRL01570 22/03/2019 22/03/2019 Libros